000 00691nam a2200241 a 4500
999 _c8322
_d8322
001 1130660
003 GZU
005 20210520141756.0
008 940321s1993 sa 000 1 ven
010 _a 94133615
020 _a0636018695
040 _aDLC
_cDLC
050 0 0 _aPL8771.9.
_bMAU 1993
100 1 _aMaumela, E. T.
_eauthor
245 1 0 _aVhurikiriki /
_cE.T. Maumela.
260 _aCape Town :
_bMaskew Miller Longman,
_c1993.
300 _aviii, 128 p. ;
_c22 cm.
500 _aShort stories in Venda.
650 _2venda
906 _a7
_bcbc
_corignew
_d3
_encip
_f19
_gy-gencatlg
942 _2lcc
_cBK
_h8771.9
_iMAU
_kPL